000 00390nam a22001577a 4500
003 OSt
008 240411b |||||||| |||| 00| 0 eng d
020 _a9789389423853
082 _a006.3 MAG
100 _aMANASWI,Navin K
245 _aGenerative Adversarial Networks with Industrial Use Cases
250 _a1st Ed
260 _aNew Delhi
_bBPB
_c2020
300 _a118
942 _2ddc
_cBK
999 _c12456
_d12456